000 00407nam a2200181Ia 4500
001 15041
005 20260306164958.0
008 260306t2013||||xx |||||||||||||| ||spa||
041 _aESP
082 _a526.9
_bM12
100 _aMcCormac, Jack
_eAUT
245 0 _aTopografĂ­a
260 _c2013
300 _axv, 416 páginas :
_c27 cm.
650 _aGEN
654 _aCIC
942 _cLIB
_dJUS
_fJUS
_2ddc
_n
999 _c15041
_d15041